Państwa najczęściej odwiedzane przez Szwedów - Statystyki

Ogólne statystyki
  • Ten quiz został rozwiązany 1 047 razy
  • Średni wynik to 10 z 12
Statystyki odpowiedzi
# Trips Kraj % Poprawnych
916,000 Norwegia
98%
1,140,000 Finlandia
96%
792,000 Niemcy
94%
2,040,000 Hiszpania
93%
578,000 Francja
91%
1,180,000 Dania
90%
534,000 Stany Zjednoczone
86%
596,000 Włochy
86%
831,000 Wielka Brytania
85%
626,000 Grecja
74%
728,000 Turcja
64%
344,000 Tajlandia
18%
Nie znaleziono quizów pasujących do podanych kryteriów
Rozkład punktacji
Procent ludzi z każdym wynikiem
Percentyl według liczby udzielonych odpowiedzi
Twoja historia wyników
Nie rozwiązałeś tego quizu